"Engineering Mechanics Statics and Dynamics (4th ed., 1024p)" (Record no. 11987)

MARC details
000 -LEADER
fixed length control field 00436nam a2200169Ia 4500
008 - FIXED-LENGTH DATA ELEMENTS--GENERAL INFORMATION
fixed length control field 230524s9999 xx 000 0 und d
020 ## - INTERNATIONAL STANDARD BOOK NUMBER
ISBN 8120311272
082 ## - DEWEY DECIMAL CLASSIFICATION NUMBER
Classification number 645.12
Item number SHA
100 ## - MAIN ENTRY--AUTHOR NAME
Personal name Irving H.Shames
245 #0 - TITLE STATEMENT
Title "Engineering Mechanics Statics and Dynamics (4th ed., 1024p)"
250 ## - EDITION STATEMENT
Edition statement 4TH
260 ## - PUBLICATION, DISTRIBUTION, ETC. (IMPRINT)
Place of publication NEW DELHI
Name of publisher PHI
Year of publication 2002
300 ## - PHYSICAL DESCRIPTION
Number of Pages XVI;1093
500 ## - GENERAL NOTE
General note Quantity Number: 5
650 ## - SUBJECT ADDED ENTRY--TOPICAL TERM
Topical Term Mechanics
942 ## - ADDED ENTRY ELEMENTS (KOHA)
Koha item type Books
Holdings
Lost status Damaged status Permanent Location Current Location Shelving location Date acquired Full call number Accession Number Koha item type
    Central Library, Trident Academy of Technology Central Library, Trident Academy of Technology General Stacks 05/24/2023 645.12 SHA 217 Books
    Central Library, Trident Academy of Technology Central Library, Trident Academy of Technology General Stacks 05/24/2023 645.12 SHA 218 Books
    Central Library, Trident Academy of Technology Central Library, Trident Academy of Technology General Stacks 05/24/2023 645.12 SHA 219 Books
    Central Library, Trident Academy of Technology Central Library, Trident Academy of Technology General Stacks 05/24/2023 645.12 SHA 220 Books
    Central Library, Trident Academy of Technology Central Library, Trident Academy of Technology General Stacks 05/24/2023 645.12 SHA 221 Books
Trident Academy of Technology © 2023.
All rights reserved.                                                                                                                                                                                                        Designed by Team of Central Library .

Powered by Koha